| 000 | 02796cam a22005294i 4500 | ||
|---|---|---|---|
| 003 | PE-LiUPU | ||
| 005 | 20250731180149.0 | ||
| 008 | 150706s r 000 0 d | ||
| 035 | _a(Sirsi) a52206 | ||
| 040 |
_aPE-LiUPU _bspa _cPE-LiUPU _erda |
||
| 049 | _aPRUA | ||
| 082 | 0 | 4 |
_a519.5 _bM77 _221 |
| 100 | 1 |
_aMontenegro Díaz, Edwin Pedro, _eautor. |
|
| 245 | 1 | 0 |
_aEstadística I / _cEdwin Pedro Montenegro Díaz. |
| 264 | 1 |
_aLima : _bFondo editorial, Universidad Inca Garcilazo de la Vega, _c2010. |
|
| 300 |
_a204 páginas : _bilustraciones ; _c25 cm. |
||
| 336 |
_atext _2rdacontent |
||
| 337 |
_aunmediated _2rdamedia |
||
| 338 |
_avolume _2rdacarrier |
||
| 490 | 0 | _aCuadernos de ingeniería de sistemas, cómputo y telecomunicaciones | |
| 504 | _aIncluye bibliografía al final de cada unidad.Incluye bibliografía comentada. | ||
| 505 | 0 | _a¿Qué importancia tiene el estudio de la estadística? -- Estadística -- Conceptos básicos de la estadística -- Escalas de medida -- ¿Cómo recolectar datos? -- Recolección de datos -- Técnicas de recolección de datos -- ¿Cómo se organizan los datos? -- Métodos de agrupación de datos -- Gráficos y diagramas -- ¿Cuál es la importancia de las medidas de tendencia central y de dispersión? -- Medidas de tendencia central para datos no agrupados -- Medidas de dispersión para datos no agrupados -- Medidas de tendencia central para datos no agrupados -- Medidas de dispersión para datos no agrupados -- Medidas de tendencia central y de dispersión para datos agrupados -- Otras medidas de dispersión -- Usos frecuentes de la desviación estándar -- ¿Cómo se establece la probabilidad de eventos futuros? -- Probabilidad -- Relaciones entre eventos -- Tabla de contingencia, tabla de probabilidad y probabilidad condicional -- Las dos reglas de la probabilidad -- Teorema de la probabilidad total, el teorema de Bayes y técnicas de conteo. | |
| 526 | _aSEG44 | ||
| 526 | _aSEG26 | ||
| 526 | _aP159 | ||
| 526 | _aP155 | ||
| 526 | _aP154 | ||
| 526 | _aP153 | ||
| 526 | _aP150 | ||
| 526 | _aP100 | ||
| 526 | _aP31 | ||
| 526 | _aP30 | ||
| 526 | _aP26 | ||
| 526 | _aP25 | ||
| 526 | _aP24 | ||
| 526 | _aP22 | ||
| 526 | _aP15 | ||
| 526 | _aP10 | ||
| 541 | _g015-0015322; | ||
| 650 | 0 | 4 | _aEstadística. |
| 910 |
_cbd _d20120522 |
||
| 942 |
_2ddc _cBOOK |
||
| 949 |
_a519.5 M77 _wDEWEY _c1 _i67224 _lCCODEBUL1 _mBUL _p12.00 _r0 _sY _tLIBRO _u2015-07-06 _xINGENIERIA _zUNKNOWN _o.STAFF. Colección General |
||
| 994 |
_aC0 _bPEPRU |
||
| 596 | _a1 | ||
| 999 |
_a519.5 M77 _wDEWEY _c54813 _i67224 _d54813 _e2018-4-11 _f2021-11-9 _g7 _lCCODEBUL1 _mBUL _n5 _p12.00 _q3 _r0 _sY _tBOOK _u2015-7-6 _xINGENIERIA _zUNKNOWN _0COMPRA _o.STAFF. Colección General |
||
| 980 |
_81 _gALBERTO SANCHEZ Responsable de Automatización |
||